000
00253nam a2200109Ia 4500
008
190911s9999||||xx |||||||||||||| ||und||
100
_a
Hopkins,Gerald L.
245
4
_a
The ISDN Literacy Book
260
_a
USA
_b
Pearson
_c
1996
300
_a
367
942
_c
BK
999
_c
6968
_d
6968